[Event "VIII Open"]
[Site "Padova ITA"]
[Date "2005.12.11"]
[Round "2"]
[White "De Santis, Alessio"]
[Black "Contini, Davide"]
[Result "1-0"]
[WhiteElo "2331"]
[BlackElo "2056"]
[PlyCount "77"]
[EventDate "2005.12.10"]

1. d4 Nf6 2. c4 g6 3. Nc3 d5 4. cxd5 Nxd5 5. e4 Nxc3 6. bxc3 Bg7 7. Bc4 c5 8.
Ne2 O-O 9. Be3 cxd4 10. cxd4 Qa5+ 11. Kf1 Nd7 12. h4 h5 13. f3 b5 14. Bb3 Nb6
15. Bd2 Qa3 16. Rb1 a5 17. e5 e6 18. Qe1 Nc4 19. Bc1 Qe7 20. Bxc4 bxc4 21. Qc3
Qc7 22. Ba3 Re8 23. Kf2 Bf8 24. Bxf8 Rxf8 25. Qe3 f6 26. Qe4 Ra7 27. Qxg6+ Qg7
28. Qxg7+ Kxg7 29. exf6+ Rxf6 30. Rhc1 Rc7 31. Ke3 Rf5 32. Rb6 Kf7 33. Rc3 Bb7
34. Ng3 Rd5 35. Ne4 e5 36. Nd6+ Ke7 37. dxe5 Rxe5+ 38. Kf4 Re6 39. Rxb7 1-0

[Event "VIII Open"]
[Site "Padova ITA"]
[Date "2005.12.11"]
[Round "2"]
[White "Dervishi, Erald"]
[Black "Del Monaco, Andrea"]
[Result "1-0"]
[WhiteElo "2489"]
[BlackElo "2234"]
[PlyCount "67"]
[EventDate "2005.12.10"]

1. e4 c5 2. Nf3 e6 3. d4 cxd4 4. Nxd4 a6 5. Bd3 Bc5 6. Nb3 Ba7 7. Qe2 Ne7 8.
Nc3 d6 9. Be3 Nbc6 10. f4 O-O 11. O-O-O Qc7 12. g4 b5 13. Rhe1 b4 14. Na4 e5
15. Bxa7 Rxa7 16. f5 Bd7 17. Qf2 Nd4 18. Nxd4 exd4 19. b3 Bxa4 20. bxa4 Qc3 21.
Kb1 Rb8 22. Qe2 Rc8 23. Rg1 Qc6 24. g5 Qxa4 25. Bc4 d5 26. Bb3 Qe8 27. Qf2 dxe4
28. g6 Nc6 29. Qh4 d3 30. cxd3 Nd4 31. Qxh7+ Kf8 32. f6 gxf6 33. g7+ Ke7 34.
Qxe4+ 1-0

[Event "VIII Open"]
[Site "Padova ITA"]
[Date "2005.12.11"]
[Round "2"]
[White "Facchin, Francesco"]
[Black "Maniero, Andrea"]
[Result "0-1"]
[WhiteElo "1506"]
[BlackElo "1901"]
[PlyCount "106"]
[EventDate "2005.12.10"]

1. d4 c5 2. dxc5 e6 3. Nf3 Nf6 4. Nbd2 Bxc5 5. e3 d5 6. Bd3 Na6 7. c3 Bd6 8.
Qe2 Nc5 9. e4 Nxd3+ 10. Qxd3 Qc7 11. O-O g5 12. g3 g4 13. Nd4 a6 14. exd5 Nxd5
15. Nc4 Be7 16. Re1 Bd7 17. Ne5 h5 18. Nxd7 Qxd7 19. Bd2 O-O-O 20. Qe4 h4 21.
Rad1 hxg3 22. fxg3 Bc5 23. Kg2 Nf6 24. Qe5 Qd5+ 25. Qxd5 Rxd5 26. Nb3 Ba7 27.
Bf4 Rdh5 28. Rh1 Ne4 29. Rdf1 Nf2 30. Rxf2 Bxf2 31. Kxf2 Rxh2+ 32. Rxh2 Rxh2+
33. Ke3 Rxb2 34. Nc1 Kd7 35. Kd4 f6 36. Kc5 e5 37. Bh6 Rg2 38. Kb6 Rb2+ 39. Kc5
Ke6 40. a4 b5 41. axb5 Rxb5+ 42. Kc4 Rb2 43. Nb3 Rg2 44. Nc5+ Kf5 45. Nxa6 Rxg3
46. Kb4 Rh3 47. Bf8 g3 48. c4 g2 49. Bc5 e4 50. Bg1 Rh1 51. Be3 g1=Q 52. Bxg1
Rxg1 53. c5 e3 0-1

[Event "VIII Open"]
[Site "Padova ITA"]
[Date "2005.12.11"]
[Round "2"]
[White "Gallo, Enrico"]
[Black "Naumkin, Igor"]
[Result "0-1"]
[WhiteElo "2113"]
[BlackElo "2445"]
[PlyCount "90"]
[EventDate "2005.12.10"]

1. e4 e5 2. Nf3 Nc6 3. Bb5 a6 4. Ba4 Nf6 5. O-O Nxe4 6. d4 b5 7. Bb3 d5 8. Nxe5
Nxe5 9. dxe5 c6 10. c3 Bc5 11. Nd2 Bf5 12. Nxe4 Bxe4 13. Qg4 Qd7 14. Qg3 O-O
15. Re1 Qf5 16. Be3 Bxe3 17. Rxe3 Rfe8 18. Rae1 a5 19. Bd1 Qg6 20. Qh3 Bf5 21.
Qh4 c5 22. Rg3 Qe6 23. Qg5 Bg6 24. Bg4 Qe7 25. Qf4 Rad8 26. e6 d4 27. cxd4 cxd4
28. Bf5 fxe6 29. Bxe6+ Qxe6 30. Rxe6 Rxe6 31. Qd2 d3 32. Re3 Rxe3 33. fxe3 b4
34. Kf2 Rc8 35. Qd1 d2 36. e4 Rd8 37. Kf3 h6 38. Kf4 Kh7 39. g4 Rd4 40. Ke5
Rxe4+ 41. Kd5 Re8 42. a3 Rd8+ 43. Kc4 Bf7+ 44. Kb5 bxa3 45. bxa3 Bb3 0-1

[Event "VIII Open"]
[Site "Padova ITA"]
[Date "2005.12.11"]
[Round "2"]
[White "Lazic, Miroljub"]
[Black "Opacic, Alexandar"]
[Result "1-0"]
[WhiteElo "2472"]
[BlackElo "2122"]
[PlyCount "63"]
[EventDate "2005.12.10"]

1. g3 d5 2. Bg2 c6 3. Nf3 Bg4 4. c4 e6 5. cxd5 exd5 6. O-O Nd7 7. d3 Ngf6 8.
Qc2 Be7 9. e4 dxe4 10. dxe4 Bxf3 11. Bxf3 Ne5 12. Be2 h5 13. h3 Qd7 14. Kg2 h4
15. g4 Nexg4 16. hxg4 Nxg4 17. Qd1 h3+ 18. Kh1 Qxd1 19. Bxd1 Ne5 20. Be2 O-O-O
21. Bf4 Bf6 22. Nc3 g5 23. Be3 Rh4 24. Rad1 Rg8 25. Rg1 g4 26. Bf4 h2 27. Rg2
Rg6 28. Rxh2 Nf3 29. Rxh4 Bxh4 30. Kg2 Rf6 31. Be3 Ne5 32. Rh1 1-0

[Event "VIII Open"]
[Site "Padova ITA"]
[Date "2005.12.11"]
[Round "2"]
[White "Mosconi, Ariel Oscar"]
[Black "Laketic, Gojko"]
[Result "0-1"]
[WhiteElo "2164"]
[BlackElo "2479"]
[PlyCount "122"]
[EventDate "2005.12.10"]

1. e4 Nf6 2. e5 Nd5 3. Na3 d6 4. Nc4 Nc6 5. Nf3 Bg4 6. exd6 cxd6 7. Ne3 Nxe3 8.
fxe3 e6 9. Be2 Be7 10. O-O d5 11. d4 O-O 12. c3 Bf5 13. Qe1 Rc8 14. Nd2 Bd6 15.
Bf3 Bd3 16. Be2 Bxe2 17. Qxe2 f5 18. Rf3 Qh4 19. Rh3 Qg4 20. Qf3 Ne7 21. Nb3
Rf6 22. Bd2 Rg6 23. Kh1 Qe4 24. Rf1 Qc2 25. Bc1 Rg4 26. Qf2 Qxf2 27. Rxf2 Kh8
28. Rhf3 Ng8 29. h3 Rg6 30. Rc2 Nf6 31. Nd2 Kg8 32. b3 b5 33. Bb2 Rg3 34. Nf1
Rxf3 35. gxf3 f4 36. Rg2 Kf7 37. exf4 Bxf4 38. Rc2 e5 39. dxe5 Bxe5 40. Ne3 h5
41. Re2 Bxc3 42. Nf5 Bb4 43. Nd4 a6 44. Re6 Re8 45. Rxa6 Re1+ 46. Kg2 Rd1 47.
Kg3 Rd2 48. Ba1 Rd1 49. Nc2 Rg1+ 50. Kh2 Bc5 51. b4 Rc1 52. bxc5 Rxc2+ 53. Kg3
Rxc5 54. Kf4 Kg6 55. Ke5 Rc1 56. Bd4 Rh1 57. Rb6 Rxh3 58. f4 Rf3 59. Rxb5 h4
60. Rb1 h3 61. Rg1+ 61... Kh7 {...} 0-1

[Event "VIII Open"]
[Site "Padova ITA"]
[Date "2005.12.11"]
[Round "2"]
[White "Navarro, Stefano"]
[Black "Drazic, Sinisa"]
[Result "1/2-1/2"]
[WhiteElo "2224"]
[BlackElo "2523"]
[PlyCount "148"]
[EventDate "2005.12.10"]

1. e4 e6 2. d4 d5 3. exd5 Qxd5 4. Nc3 Bb4 5. Nf3 b6 6. Be2 Ba6 7. O-O Qb7 8.
Bg5 f6 9. Bf4 Bxc3 10. bxc3 Qe4 11. Bxa6 Nxa6 12. Bg3 Kf7 13. Re1 Qb7 14. Re3
Nh6 15. Qe2 Rae8 16. Re1 Qc8 17. Qc4 Nf5 18. R3e2 c6 19. a4 Re7 20. Nd2 Rhe8
21. Ne4 c5 22. Bf4 h5 23. h3 h4 24. Bc1 cxd4 25. Qxc8 Rxc8 26. cxd4 Nb4 27. c3
Nd5 28. Bd2 Rd7 29. Rc1 Nd6 30. Nxd6+ Rxd6 31. Kh2 Rc4 32. Be1 g5 33. Ra2 Rdc6
34. Bd2 Kg6 35. Ra3 Kf5 36. f3 Nf4 37. Re1 Nd3 38. Rb1 Rd6 39. a5 Nf4 40. axb6
axb6 41. Bxf4 Kxf4 42. Re1 Rdc6 43. Re4+ Kf5 44. Re3 b5 45. Rb3 Rb6 46. Re1 b4
47. Reb1 Rd6 48. cxb4 Rcxd4 49. R1b2 Rb6 50. b5 Ke5 51. Kg1 Kd5 52. Kf2 e5 53.
Ke3 Rc4 54. Rd3+ Kc5 55. Rdb3 Rc1 56. Ke4 Rc4+ 57. Kf5 Rf4+ 58. Kg6 Kd5 59. Rc3
Kd6 60. Rd2+ Rd4 61. Rb2 Ke6 62. Rc6+ Rxc6 63. bxc6 Rc4 64. Rb6 e4 65. fxe4 Ke5
66. Rb5+ Kxe4 67. Kxf6 g4 68. hxg4 Kf4 69. Rb6 Kxg4 70. Ke6 Rc2 71. Kd7 Rd2+
72. Ke7 Re2+ 73. Kd7 Rd2+ 74. Ke7 Re2+ 1/2-1/2

[Event "VIII Open"]
[Site "Padova ITA"]
[Date "2005.12.11"]
[Round "2"]
[White "Pichierri, Gianmatteo"]
[Black "Roberti, Ignazio"]
[Result "0-1"]
[WhiteElo "1539"]
[BlackElo "1937"]
[PlyCount "62"]
[EventDate "2005.12.10"]

1. e4 c5 2. f4 d5 3. exd5 Qxd5 4. Nc3 Qd8 5. Nf3 Nc6 6. Bc4 Nf6 7. d3 Bg4 8. h3
Bxf3 9. Qxf3 g6 10. Ne2 Bg7 11. c3 O-O 12. Bb3 Rc8 13. O-O e6 14. Bc2 b6 15.
Bd2 Nd5 16. Rad1 b5 17. b3 Qb6 18. Be1 a6 19. Kh1 Rfd8 20. h4 h5 21. g4 hxg4
22. Qg3 Rd7 23. Bf2 Nxc3 24. Nxc3 Bxc3 25. Qxg4 Bd4 26. h5 Ne7 27. Bh4 Qc6+ 28.
Kh2 Nf5 29. hxg6 fxg6 30. Qxg6+ Rg7 31. Qh5 Qg2# 0-1

[Event "VIII Open"]
[Site "Padova ITA"]
[Date "2005.12.11"]
[Round "2"]
[White "Quaranta, Gaetano"]
[Black "Antoniacci, Riccardo"]
[Result "0-1"]
[WhiteElo "1625"]
[BlackElo "1972"]
[PlyCount "68"]
[EventDate "2005.12.10"]

1. e4 e5 2. Nf3 Nc6 3. Bc4 Nf6 4. Ng5 d5 5. exd5 Na5 6. Bb5+ c6 7. dxc6 bxc6 8.
Be2 h6 9. Nf3 e4 10. Ne5 Qd4 11. f4 Bc5 12. Rf1 Qd8 13. c3 Nd5 14. d4 Qh4+ 15.
Kd2 Bf5 16. Qa4 O-O 17. Qxa5 Bb6 18. Qa4 Qxh2 19. g4 e3+ 20. Kd1 Be4 21. Nd3
Rfe8 22. Qc4 Bg2 23. Re1 Bd8 24. g5 hxg5 25. Qxc6 Bf6 26. fxg5 Bxg5 27. Ne5 Nf4
28. Qc4 Rxe5 29. dxe5 Bd5 30. Qb5 a6 31. Qb4 Nxe2 32. Qg4 Rd8 33. Rxe2 Bb3+ 34.
Ke1 Rd1# 0-1

[Event "VIII Open"]
[Site "Padova ITA"]
[Date "2005.12.11"]
[Round "2"]
[White "Rossi, Carlo"]
[Black "Diotallevi, Maurizio"]
[Result "1/2-1/2"]
[WhiteElo "2357"]
[BlackElo "2113"]
[PlyCount "127"]
[EventDate "2005.12.10"]

1. e4 e6 2. Bb5 Qg5 3. Bf1 Qd8 4. d4 d5 5. Nc3 Bb4 6. e5 c5 7. a3 Bxc3+ 8. bxc3
Nc6 9. Qg4 g6 10. Nf3 Qa5 11. Bd2 Qa4 12. Ra2 b6 13. Qf4 h6 14. c4 Nge7 15. Qf6
Rh7 16. cxd5 Nxd5 17. Qh4 Nxd4 18. Nxd4 Qxd4 19. Qg3 Qe4+ 20. Kd1 Ne7 21. Bd3
Qd5 22. c4 Qd7 23. h4 Nf5 24. Bxf5 exf5 25. Rc2 Qc6 26. a4 a5 27. Re1 Be6 28.
Re3 Rd8 29. Rd3 Rxd3 30. Qxd3 Qxa4 31. Ke2 Qc6 32. f3 Qc7 33. Kf2 Rh8 34. Rb2
Ke7 35. Bf4 Rd8 36. Qe3 Rd4 37. Bxh6 Rxc4 38. Bg5+ Kd7 39. Rd2+ Rd4 40. Rxd4+
cxd4 41. Qxd4+ Kc8 42. Be3 Kb7 43. g4 fxg4 44. fxg4 Qc2+ 45. Kg3 Qb1 46. h5
gxh5 47. gxh5 Ka6 48. h6 Qg6+ 49. Kf2 Qc2+ 50. Kg3 Qg6+ 51. Kh4 Bf5 52. Qf4 Qe6
53. Qd4 Kb7 54. Kg5 Bh7 55. Qf4 Qg6+ 56. Kh4 Kc8 57. Qc4+ Kd7 58. Qd5+ Kc7 59.
Qc4+ Kd7 60. Qd5+ Kc7 61. Bf4 Kc8 62. Qa8+ Kd7 63. Qb7+ Ke6 64. Qc8+ 1/2-1/2

[Event "VIII Open"]
[Site "Padova ITA"]
[Date "2005.12.11"]
[Round "2"]
[White "Sautto, Alessandra"]
[Black "Tamburrini, Pierluigi"]
[Result "1/2-1/2"]
[WhiteElo "1939"]
[BlackElo "1643"]
[PlyCount "36"]
[EventDate "2005.12.10"]

1. d4 d5 2. Nf3 e6 3. e3 c5 4. c3 Nc6 5. Bd3 f5 6. Nbd2 Nf6 7. Qe2 Bd6 8. O-O
Ne4 9. c4 O-O 10. dxc5 Bxc5 11. Nb3 Bb6 12. cxd5 Nb4 13. Rd1 exd5 14. Bc4 Be6
15. a3 Qc8 16. Bd3 Nxd3 17. Qxd3 Qc4 18. Nbd4 Bd7 1/2-1/2

[Event "VIII Open"]
[Site "Padova ITA"]
[Date "2005.12.11"]
[Round "2"]
[White "Zarpellon, Daniel"]
[Black "Dragojlovic, Andjelko"]
[Result "0-1"]
[WhiteElo "2010"]
[BlackElo "2309"]
[PlyCount "58"]
[EventDate "2005.12.10"]

1. e4 c5 2. Nf3 g6 3. d4 cxd4 4. Nxd4 Nc6 5. Be3 Nf6 6. Nc3 Bg7 7. Nxc6 bxc6 8.
e5 Ng8 9. Bd4 Qa5 10. Qe2 Rb8 11. O-O-O c5 12. Be3 Bxe5 13. Bd2 Qb4 14. b3 Bxc3
15. Bxc3 Qxc3 16. h4 Nf6 17. Rh3 Qa1+ 18. Kd2 Qxa2 19. Re1 Qa5+ 20. Kc1 O-O 21.
h5 d5 22. Rh4 Ne4 23. Rxe4 dxe4 24. hxg6 hxg6 25. Qxe4 Bf5 26. Qe5 Qa2 27. Qc3
Qa3+ 28. Kd2 Rfd8+ 29. Ke3 Qb4 0-1

[Event "VIII Open"]
[Site "Padova ITA"]
[Date "2005.12.12"]
[Round "3"]
[White "Antoniacci, Riccardo"]
[Black "Mosconi, Ariel Oscar"]
[Result "0-1"]
[WhiteElo "1972"]
[BlackElo "2164"]
[PlyCount "110"]
[EventDate "2005.12.10"]

1. e4 c5 2. Nf3 a6 3. Be2 d6 4. d4 cxd4 5. Nxd4 Nd7 6. O-O Ndf6 7. Nc3 e5 8.
Nb3 Ne7 9. a4 Be6 10. Bg5 Rc8 11. Bxf6 gxf6 12. f4 f5 13. fxe5 dxe5 14. Qxd8+
Rxd8 15. Nc5 Bc8 16. Rad1 Rxd1 17. Rxd1 Nc6 18. Nb3 Nd4 19. Bh5 Nxb3 20. cxb3
Bc5+ 21. Kf1 O-O 22. exf5 Bxf5 23. Bf3 b6 24. Bd5 Kg7 25. Re1 Bd3+ 26. Ne2 a5
27. Bc4 Bg6 28. Nc3 Re8 29. g4 f5 30. gxf5 Bxf5 31. Kg2 Bd4 32. Nd5 Bg6 33. Nc7
Rc8 34. Ne6+ Kh6 35. Nxd4 exd4 36. Re6 Rd8 37. Bd3 Kg5 38. Bxg6 hxg6 39. Kf2
Rc8 40. h4+ Kf5 41. Rxb6 Rc2+ 42. Kf3 Rxb2 43. Rb5+ Kf6 44. Ke4 Rh2 45. Rb6+
Kf7 46. Ke5 Rxh4 47. Rb7+ Ke8 48. Ke6 Kd8 49. Rb5 Rh5 50. Rb7 Kc8 51. Rd7 Re5+
52. Kxe5 Kxd7 53. Kxd4 Kc6 54. Kc4 g5 55. Kd4 g4 0-1

[Event "VIII Open"]
[Site "Padova ITA"]
[Date "2005.12.12"]
[Round "3"]
[White "Cipolotti, Piersilvio"]
[Black "Cedriano, Filippo"]
[Result "0-1"]
[WhiteElo "1703"]
[BlackElo "2039"]
[PlyCount "158"]
[EventDate "2005.12.10"]

1. Nf3 Nf6 2. g3 b6 3. Bg2 Bb7 4. O-O e6 5. d3 d5 6. Nbd2 Nbd7 7. c4 Be7 8.
cxd5 exd5 9. Re1 O-O 10. e4 dxe4 11. dxe4 Nc5 12. e5 Nd5 13. Nb3 Nb4 14. Nxc5
Bxc5 15. Bg5 Qxd1 16. Rexd1 h6 17. a3 Nc2 18. Rac1 hxg5 19. Rxc2 Rad8 20. Rcd2
Rxd2 21. Rxd2 g4 22. Ne1 Bxg2 23. Kxg2 Re8 24. Rd7 Rxe5 25. Nd3 Rf5 26. Nxc5
Rxc5 27. Rd4 f5 28. b4 Rc3 29. a4 c5 30. bxc5 Rxc5 31. h3 gxh3+ 32. Kxh3 Kh7
33. g4 Rc3+ 34. Kg2 fxg4 35. Rxg4 a6 36. Rh4+ Kg6 37. Rb4 Rc6 38. Kf3 Kf5 39.
Ke3 g5 40. Kf3 Rc3+ 41. Kg2 Rc6 42. Kg3 Re6 43. Kf3 Rg6 44. Kg3 Rh6 45. Kg2 Rh4
46. Rxb6 Rxa4 47. Rb8 Ra3 48. Rf8+ Ke4 49. Rg8 Ra5 50. Rg6 Kf5 51. Rg8 Ra2 52.
Rf8+ Kg4 53. Rc8 a5 54. Rc4+ Kf5 55. Rc5+ Kg6 56. Rc6+ Kh5 57. Rc8 a4 58. Rh8+
Kg4 59. Ra8 Kf4 60. Rf8+ Ke4 61. Rg8 Kf5 62. Rf8+ Kg4 63. Ra8 Ra1 64. Ra7 a3
65. Ra4+ Kf5 66. Ra5+ Kf4 67. Ra4+ Ke5 68. Ra5+ Kd4 69. Rxg5 a2 70. Ra5 Kc3 71.
f4 Kb2 72. f5 Rd1 73. Kg3 a1=Q 74. Rxa1 Rxa1 75. Kg4 Kc3 76. f6 Rf1 77. Kg5 Kd4
78. Kg6 Ke5 79. f7 Ke6 0-1

[Event "VIII Open"]
[Site "Padova ITA"]
[Date "2005.12.12"]
[Round "3"]
[White "Contini, Davide"]
[Black "Chiesa, Roberto"]
[Result "1-0"]
[WhiteElo "2056"]
[BlackElo "1634"]
[PlyCount "139"]
[EventDate "2005.12.10"]

1. d4 Nf6 2. Nf3 e6 3. g3 c5 4. c3 b5 5. Bg2 Bb7 6. O-O Be7 7. Bg5 Na6 8. Nbd2
O-O 9. e4 Nxe4 10. Bxe7 Qxe7 11. a4 Nxd2 12. Qxd2 b4 13. Qe2 d6 14. Rfe1 Rab8
15. Rad1 Nc7 16. dxc5 dxc5 17. Ne5 Bxg2 18. Rd7 Qe8 19. Rxc7 Rb7 20. Rxc5 Qe7
21. Qd3 f6 22. Kxg2 fxe5 23. Rcxe5 bxc3 24. bxc3 Rb2 25. R1e2 Rxe2 26. Qxe2
Qb7+ 27. Qe4 Qb2 28. Qe3 Qb7+ 29. Kg1 Qb1+ 30. Qe1 Qxe1+ 31. Rxe1 Kf7 32. Rb1
Rc8 33. Rb3 Kf6 34. f3 Rc4 35. Ra3 e5 36. a5 e4 37. a6 exf3 38. Kf2 Rc6 39.
Kxf3 h5 40. h3 g6 41. Ke4 Ke6 42. Kd4 Kd6 43. Ra5 Kc7 44. c4 Kb6 45. Ra2 Rc8
46. Ra3 Rc7 47. g4 hxg4 48. hxg4 g5 49. Ra4 Rc8 50. Ke4 Rc5 51. Kd4 Rc8 52. Ke5
Rc5+ 53. Kf6 Kc6 54. Rb4 Ra5 55. Rb5 Rxa6 56. Rxg5 Ra4 57. c5 a5 58. Rg8 Kxc5
59. g5 Rf4+ 60. Ke5 Rf1 61. g6 Re1+ 62. Kf4 Rf1+ 63. Ke3 Rg1 64. g7 Kb4 65.
Rb8+ Ka3 66. g8=Q Rxg8 67. Rxg8 a4 68. Kd3 Ka2 69. Kc3 Ka3 70. Ra8 1-0

[Event "VIII Open"]
[Site "Padova ITA"]
[Date "2005.12.12"]
[Round "3"]
[White "Del Monaco, Andrea"]
[Black "Belloni, Umberto"]
[Result "1-0"]
[WhiteElo "2234"]
[BlackElo "1910"]
[PlyCount "105"]
[EventDate "2005.12.10"]

1. d4 e6 2. c4 Nf6 3. Nc3 d5 4. cxd5 exd5 5. Bg5 Be7 6. e3 h6 7. Bh4 c6 8. Qc2
Qa5 9. Bxf6 Bxf6 10. Rc1 O-O 11. Bd3 Re8 12. Nge2 Nd7 13. O-O Qb6 14. Nf4 Qd8
15. Bh7+ Kh8 16. Bf5 Nb6 17. Bxc8 Nxc8 18. Rfd1 Nd6 19. Nd3 Rc8 20. h3 Qe7 21.
Re1 Ne4 22. Nxe4 Qxe4 23. Nc5 Qxc2 24. Rxc2 Rc7 25. Rec1 Be7 26. b4 Rec8 27.
Kf1 Kg8 28. Ke2 Bxc5 29. Rxc5 b5 30. g4 g6 31. f3 f5 32. Kf2 Kf7 33. gxf5 gxf5
34. Kg3 Ke6 35. Kf4 Kf6 36. h4 h5 37. a3 Ke6 38. R1c2 a6 39. Rc1 Kd6 40. Rg1
Re7 41. Rg5 Rce8 42. Rc3 Re6 43. Rxh5 Rf8 44. Rg5 Ref6 45. h5 Rh8 46. Rc1 Ke7
47. Rcg1 Rhh6 48. Rg7+ Ke6 49. R1g5 Rh8 50. Rc7 Kd6 51. Ra7 Re6 52. Rgg7 Rd8
53. Rxa6 1-0

[Event "VIII Open"]
[Site "Padova ITA"]
[Date "2005.12.12"]
[Round "3"]
[White "Diotallevi, Maurizio"]
[Black "Navarro, Stefano"]
[Result "1/2-1/2"]
[WhiteElo "2113"]
[BlackElo "2224"]
[PlyCount "52"]
[EventDate "2005.12.10"]

1. d4 d5 2. c4 e6 3. Nc3 c6 4. cxd5 exd5 5. Qc2 Nf6 6. Bg5 Be7 7. e3 Nbd7 8.
Bd3 O-O 9. Nf3 Re8 10. O-O Nf8 11. h3 Ne4 12. Bxe7 Qxe7 13. Bxe4 dxe4 14. Nd2
f5 15. a3 Be6 16. b4 a6 17. Rfc1 Ng6 18. Ne2 Bd5 19. g3 f4 20. Nxf4 Nxf4 21.
gxf4 Qh4 22. Kg2 Re6 23. Rh1 Rg6+ 24. Kf1 Re8 25. Ke1 b5 26. Nf1 Qf6 1/2-1/2

[Event "VIII Open"]
[Site "Padova ITA"]
[Date "2005.12.12"]
[Round "3"]
[White "Dragojlovic, Andjelko"]
[Black "Rossi, Carlo"]
[Result "1-0"]
[WhiteElo "2309"]
[BlackElo "2357"]
[PlyCount "32"]
[EventDate "2005.12.10"]

1. e4 c6 2. d4 d5 3. Nd2 dxe4 4. Nxe4 Nf6 5. Nxf6+ gxf6 6. Ne2 h5 7. Qd3 h4 8.
Bf4 Na6 9. a3 Qb6 10. O-O-O Rh5 11. Nc3 Bg4 12. Be2 Bxe2 13. Qxe2 Rf5 14. Be3
Qa5 15. g4 hxg3 16. fxg3 16... e6 {...} 1-0

[Event "VIII Open"]
[Site "Padova ITA"]
[Date "2005.12.12"]
[Round "3"]
[White "Drazic, Sinisa"]
[Black "D'Innocente, Stefano"]
[Result "0-1"]
[WhiteElo "2523"]
[BlackElo "2262"]
[PlyCount "148"]
[EventDate "2005.12.10"]

1. e4 c5 2. Nf3 d6 3. d4 cxd4 4. Nxd4 Nf6 5. f3 Nc6 6. c4 Nxd4 7. Qxd4 g6 8.
Be3 Bg7 9. Qd2 O-O 10. Nc3 Be6 11. Rc1 Qa5 12. Be2 Rfc8 13. b3 a6 14. Na4 Qxd2+
15. Kxd2 Nd7 16. g4 f5 17. exf5 gxf5 18. g5 d5 19. c5 d4 20. Bf2 Bd5 21. Rhe1
e5 22. Bc4 Bxc4 23. Rxc4 Rc6 24. Rec1 Rac8 25. h4 Kf7 26. h5 h6 27. g6+ Ke6 28.
f4 Bf6 29. Rg1 e4 30. Rxd4 Bxd4 31. Bxd4 Nf6 32. Ke2 Nxh5 33. Be5 Rg8 34. b4
Nf6 35. g7 Kf7 36. Nc3 Rxg7 37. Rh1 Rg2+ 38. Kf1 Rg6 39. Ne2 Rc8 40. Nd4 Rd8
41. Rh3 Ng4 42. Bd6 Rf6 43. Ke2 Kg6 44. a4 h5 45. a5 Rfxd6 46. cxd6 Rxd6 47.
Nb3 b6 48. Rc3 h4 49. Nd2 bxa5 50. bxa5 Re6 51. Rh3 Kh5 52. Nf1 Rd6 53. Ng3+
Kg6 54. Rxh4 Rd3 55. Nf1 Ra3 56. Nd2 Ra2 57. Ke1 Ne3 58. Rh2 Rxa5 59. Ke2 Nd5
60. Rh4 Ra2 61. Ke1 Ne3 62. Rh2 Nc4 63. Rg2+ Kf7 64. Rg5 Rxd2 65. Rxf5+ Ke6 66.
Rc5 Rc2 67. Rc6+ Kf5 68. Rxa6 Kxf4 69. Rh6 Ne5 70. Rh4+ Ke3 71. Kf1 Rc1+ 72.
Kg2 Nf3 73. Rh1 Rxh1 74. Kxh1 Ne5 0-1

[Event "VIII Open"]
[Site "Padova ITA"]
[Date "2005.12.12"]
[Round "3"]
[White "Isonzo, David"]
[Black "Lazic, Miroljub"]
[Result "1/2-1/2"]
[WhiteElo "2337"]
[BlackElo "2472"]
[PlyCount "28"]
[EventDate "2005.12.10"]

1. e4 d5 2. exd5 Qxd5 3. Nc3 Qd8 4. d4 Nf6 5. Nf3 c6 6. Bc4 e6 7. Bg5 Be7 8.
Qe2 O-O 9. O-O-O Nbd7 10. Kb1 b5 11. Bd3 b4 12. Ne4 Nd5 13. h4 Bb7 14. Ne5 f6
1/2-1/2

[Event "VIII Open"]
[Site "Padova ITA"]
[Date "2005.12.12"]
[Round "3"]
[White "Laketic, Gojko"]
[Black "De Santis, Alessio"]
[Result "1-0"]
[WhiteElo "2479"]
[BlackElo "2331"]
[PlyCount "81"]
[EventDate "2005.12.10"]

1. d4 e6 2. c4 Nf6 3. Nc3 b6 4. e4 Bb7 5. f3 d6 6. Be3 Nbd7 7. Bd3 Be7 8. Nge2
a6 9. O-O c5 10. d5 exd5 11. cxd5 b5 12. Ng3 h5 13. a3 Rc8 14. Qd2 h4 15. Nge2
h3 16. g3 Ne5 17. b4 Nfd7 18. f4 Ng4 19. Nd1 Bf6 20. Rc1 O-O 21. Nf2 Nxe3 22.
Qxe3 Re8 23. Qd2 c4 24. Bb1 Qb6 25. Kh1 g6 26. Ng4 Qd8 27. Nxf6+ Nxf6 28. Nc3
Rc7 29. Rce1 Ng4 30. Bc2 Bc8 31. Bd1 Rce7 32. f5 gxf5 33. Qg5+ Kf8 34. Bxg4
fxg4 35. Qh6+ Kg8 36. Qg5+ Kf8 37. Qh6+ Kg8 38. Rf6 Re5 39. Ref1 R8e7 40. Rxd6
Qf8 41. Rg6+ 1-0

[Event "VIII Open"]
[Site "Padova ITA"]
[Date "2005.12.12"]
[Round "3"]
[White "Maniero, Andrea"]
[Black "Cardili, Mariano"]
[Result "0-1"]
[WhiteElo "1901"]
[BlackElo "2066"]
[PlyCount "107"]
[EventDate "2005.12.10"]

1. e4 c6 2. Nc3 d5 3. f4 e6 4. Nf3 Nf6 5. e5 Nfd7 6. g3 c5 7. Bg2 Nc6 8. d3 Be7
9. O-O O-O 10. h3 a6 11. a4 Rb8 12. g4 b5 13. axb5 axb5 14. Bd2 Qb6 15. Ne2 Bb7
16. Qe1 Ra8 17. Qg3 f6 18. g5 f5 19. Kh2 c4 20. g6 h6 21. h4 Rxa1 22. Rxa1 Ra8
23. Rxa8+ Bxa8 24. d4 Bb7 25. Qe1 b4 26. Qa1 Ba6 27. c3 bxc3 28. Bxc3 Nb4 29.
Qa4 Qb5 30. Qxb5 Bxb5 31. Kg3 Nb6 32. h5 Na4 33. Nc1 Nc2 34. Kf2 Ba3 35. bxa3
Nxc3 36. Nd2 Nxd4 37. Bf1 Nc2 38. Ne2 Nxe2 39. Bxe2 Nxa3 40. Nf3 Bd7 41. Ke3
Nb5 42. Bd1 Kf8 43. Ba4 Ke7 44. Kd2 Nc7 45. Bd1 Na6 46. Nd4 Nc5 47. Kc3 Ba4 48.
Be2 Ne4+ 49. Kb4 Bd7 50. Bd1 Nf2 51. Bf3 Nd3+ 52. Kc3 Nxf4 53. Kd2 Nd3 54. Bd1
0-1

[Event "VIII Open"]
[Site "Padova ITA"]
[Date "2005.12.12"]
[Round "3"]
[White "Milanesi, Erminio"]
[Black "Quaranta, Gaetano"]
[Result "1-0"]
[WhiteElo "1616"]
[BlackElo "1625"]
[PlyCount "65"]
[EventDate "2005.12.10"]

1. e4 e5 2. Nf3 Nc6 3. Bc4 Nf6 4. d3 Bc5 5. Nc3 d6 6. h3 h6 7. a3 O-O 8. Be3
Bb6 9. Qd2 Bxe3 10. fxe3 Be6 11. Nd5 Nh5 12. g4 Nf6 13. O-O-O Bxd5 14. exd5 Ne7
15. g5 Nfxd5 16. gxh6 g6 17. h4 Nf6 18. h5 Nxh5 19. Rdg1 Kh7 20. Ng5+ Kh8 21.
Nxf7+ Rxf7 22. Bxf7 Nf6 23. Qf2 Nh7 24. Bxg6 Nxg6 25. Rxg6 Qd7 26. Rhg1 Rf8 27.
Qg2 Qc8 28. Rg7 Nf6 29. Qg6 Qh3 30. Rg8+ Rxg8 31. Qxf6+ Kh7 32. Rg7+ Kh8 33.
Rxg8+ 1-0

[Event "VIII Open"]
[Site "Padova ITA"]
[Date "2005.12.12"]
[Round "3"]
[White "Naumkin, Igor"]
[Black "Dervishi, Erald"]
[Result "0-1"]
[WhiteElo "2445"]
[BlackElo "2489"]
[PlyCount "94"]
[EventDate "2005.12.10"]

1. d4 Nf6 2. c4 e6 3. Nf3 b6 4. g3 Bb7 5. Bg2 Be7 6. Nc3 Ne4 7. Bd2 d5 8. cxd5
exd5 9. O-O O-O 10. Qc2 Na6 11. Rad1 Bf6 12. Bf4 Re8 13. Ne5 Nxc3 14. bxc3 Qc8
15. Bf3 Bxe5 16. Bxe5 Nb8 17. Qd2 Nd7 18. Bf4 Nf6 19. Be5 Nd7 20. Bf4 h6 21. g4
Nf6 22. Kh1 Ne4 23. Bxe4 dxe4 24. Qe3 g5 25. Be5 Qxg4 26. Rg1 Qf5 27. h4 f6 28.
Bxc7 Rac8 29. Bh2 Bd5 30. Rg2 Kf7 31. a4 Rc4 32. a5 Rec8 33. Rc1 bxa5 34. Bd6
a4 35. hxg5 hxg5 36. Rh2 Ke6 37. Ba3 R8c7 38. Qg3 Qf4 39. Qh3+ Qf5 40. Qh8 Rc8
41. Qh5 e3+ 42. f3 g4 43. Qh6 Rxc3 44. Rxc3 Rxc3 45. Rh5 Bxf3+ 46. Kg1 Rxa3 47.
d5+ Qxd5 0-1

[Event "VIII Open"]
[Site "Padova ITA"]
[Date "2005.12.12"]
[Round "3"]
[White "Opacic, Alexandar"]
[Black "Morganti, Lionello"]
[Result "1-0"]
[WhiteElo "2122"]
[BlackElo "1691"]
[PlyCount "49"]
[EventDate "2005.12.10"]

1. e4 g6 2. d4 Bg7 3. Nc3 d6 4. Be3 Nd7 5. Qd2 e5 6. Nge2 Ngf6 7. f3 O-O 8.
O-O-O exd4 9. Nxd4 a6 10. Bh6 Ne5 11. Bxg7 Kxg7 12. h4 Qe7 13. Be2 Rh8 14. g4
Be6 15. h5 h6 16. Rdg1 g5 17. Nd5 Nxd5 18. exd5 Bd7 19. f4 gxf4 20. Nf5+ Bxf5
21. gxf5+ Kf8 22. Qxf4 Ke8 23. f6 Qd7 24. Qxh6 Rf8 25. Qf4 1-0

[Event "VIII Open"]
[Site "Padova ITA"]
[Date "2005.12.12"]
[Round "3"]
[White "Roberti, Ignazio"]
[Black "Gallo, Enrico"]
[Result "0-1"]
[WhiteElo "1937"]
[BlackElo "2113"]
[PlyCount "90"]
[EventDate "2005.12.10"]

1. e4 e6 2. d4 d5 3. Nd2 dxe4 4. Nxe4 Nd7 5. Nf3 Ngf6 6. Bg5 Be7 7. Nxf6+ Bxf6
8. Bxf6 gxf6 9. Bd3 c6 10. Qd2 b5 11. a4 bxa4 12. Rxa4 Nb6 13. Ra5 Bb7 14. Rh5
Qc7 15. Qh6 Nd5 16. O-O O-O-O 17. Ra1 Kb8 18. g3 f5 19. Ne5 c5 20. c3 f6 21.
Nc4 Nb4 22. cxb4 Qc6 23. Be4 Qxe4 24. Qf4+ Qxf4 25. gxf4 Rxd4 26. Na5 Bf3 27.
Rh3 Rg8+ 28. Rg3 Rxg3+ 29. hxg3 Rxb4 30. b3 Bd5 31. Kf1 Kc7 32. Ke1 Kb6 33. Ra3
h5 34. Kd2 h4 35. gxh4 Rxf4 36. Kc3 Rf3+ 37. Kd2 Rxf2+ 38. Kc3 f4 39. Nc4+ Bxc4
40. Kxc4 Rh2 41. Ra1 Rxh4 42. Re1 f3+ 43. Kd3 e5 44. Re3 Rd4+ 45. Kc3 f2 0-1